[Event "Mittelrhein Regionalliga 15/16"]
[Site "Nordrheinwestfalen"]
[Date "2016.02.21"]
[Round "7.8"]
[White "Ax, Paul"]
[Black "Keller, Karsten"]
[Result "0-1"]
[WhiteElo "1692"]
[BlackElo "2144"]
[PlyCount "48"]
[EventDate "2015.09.27"]
[EventType "team-tourn"]
[EventRounds "9"]
[EventCountry "GER"]
[SourceTitle "EXT 2022"]
[Source "ChessBase"]
[SourceDate "2021.10.06"]
[SourceVersion "1"]
[SourceVersionDate "2021.10.06"]
[SourceQuality "1"]
[WhiteTeam "Koeln Ford SF"]
[BlackTeam "Langenfeld"]
[WhiteTeamCountry "GER"]
[BlackTeamCountry "GER"]

1. e4 c5 2. Nf3 e6 3. Nc3 Nc6 4. Bc4 a6 5. a3 Qc7 6. 0-0 Nf6 7. Re1 Be7 8. e5 Ng4 9. Qe2 f6 10. exf6 Nxf6 11. d3 0-0 12. Bg5 b5 13. Ba2 Bb7 14. Rad1 Kh8 15. d4 cxd4 16. Nxd4 Nxd4 17. Rxd4 Qc6 18. f3 Bc5 19. Be3 Bxd4 20. Bxd4 Rae8 21. Bb1 e5 22. Be3 d5 23. Bg5 e4 24. Bxf6 exf3 0-1

[Event "Mittelrhein Regionalliga 15/16"]
[Site "Nordrheinwestfalen"]
[Date "2015.10.18"]
[Round "2.7"]
[White "Ax, Paul"]
[Black "Koch, Matthias1111"]
[Result "0-1"]
[WhiteElo "1692"]
[BlackElo "2006"]
[PlyCount "102"]
[EventDate "2015.09.27"]
[EventType "team-tourn"]
[EventRounds "9"]
[EventCountry "GER"]
[SourceTitle "EXT 2022"]
[Source "ChessBase"]
[SourceDate "2021.10.06"]
[SourceVersion "1"]
[SourceVersionDate "2021.10.06"]
[SourceQuality "1"]
[WhiteTeam "Koeln Ford SF"]
[BlackTeam "Bonn Beuel"]
[WhiteTeamCountry "GER"]
[BlackTeamCountry "GER"]

1. e4 e5 2. f4 exf4 3. Nf3 g5 4. Bc4 Bg7 5. 0-0 d6 6. Nc3 h6 7. d4 Nc6 8. Nd5 g4 9. c3 gxf3 10. Qxf3 Be6 11. Bxf4 Qd7 12. Qg3 Rh7 13. Nxc7+ Qxc7 14. Bxe6 fxe6 15. Bxd6 Bxd4+ 16. cxd4 Qg7 17. Qxg7 Rxg7 18. Rf8+ Kd7 19. Rxa8 Kxd6 20. d5 exd5 21. exd5 Kxd5 22. Rd1+ Kc5 23. a3 a5 24. Rf8 Nge7 25. Rf3 b5 26. Rc3+ Kb6 27. Rd6 h5 28. Rh6 Rg5 29. Rh3 Rd5 30. R6xh5 Rd1+ 31. Kf2 Rd2+ 32. Kf1 Rxb2 33. g4 b4 34. axb4 axb4 35. Rd3 Ng6 36. Rf5 Nge5 37. Rg3 b3 38. Rf2 Rb1+ 39. Kg2 Nd4 40. g5 b2 41. Kh3 Ng6 42. Rgg2 Kc5 43. Rxb2 Re1 44. Rgf2 Re4 45. Kg3 Re3+ 46. Kg2 Nh4+ 47. Kf1 Ndf3 48. Rfe2 Rd3 49. Rec2+ Kd5 50. Ke2 Ke4 51. Rb4+ Nd4+ 0-1

[Event "GER ML-386 email"]
[Site "GER email"]
[Date "2013.03.25"]
[Round "?"]
[White "Schumacher, Frank"]
[Black "Ax, Paul"]
[Result "1/2-1/2"]
[WhiteElo "1969"]
[BlackElo "2077"]
[PlyCount "58"]
[EventDate "2013.??.??"]
[EventType "tourn (corr)"]
[EventRounds "6"]
[EventCountry "GER"]
[SourceTitle "Corr 2015"]
[Source "ChessBase"]
[SourceDate "2015.07.17"]
[SourceVersion "1"]
[SourceVersionDate "2015.07.17"]
[SourceQuality "1"]

1. e4 e6 2. d4 d5 3. Nc3 Bb4 4. e5 c5 5. a3 Bxc3+ 6. bxc3 Ne7 7. Qg4 0-0 8. Bd3 Qa5 9. Bd2 Nbc6 10. Nf3 f5 11. exf6 Rxf6 12. Qh5 Nf5 13. g4 c4 14. gxf5 cxd3 15. Rg1 Bd7 16. c4 Qc7 17. Qg5 Rf7 18. f6 g6 19. cxd3 Raf8 20. cxd5 exd5 21. Qxd5 Re8+ 22. Be3 Be6 23. Qg5 Ref8 24. Bf4 Nxd4 25. Nxd4 Qc3+ 26. Ke2 Rxf6 27. Qe5 Bc4 28. Qe4 Bxd3+ 29. Qxd3 Re8+ 1/2-1/2

[Event "NRW Class2 1112"]
[Site "Germany"]
[Date "2012.04.29"]
[Round "9.6"]
[White "Gassmann, Volker"]
[Black "Ax, Paul"]
[Result "1-0"]
[WhiteElo "2151"]
[BlackElo "1831"]
[PlyCount "55"]
[EventDate "2011.09.18"]
[EventType "team-tourn"]
[EventRounds "9"]
[EventCountry "GER"]
[SourceTitle "EXT 2015"]
[Source "ChessBase"]
[SourceDate "2014.11.20"]
[SourceVersion "1"]
[SourceVersionDate "2014.11.20"]
[SourceQuality "1"]
[WhiteTeam "Katernberg II"]
[BlackTeam "Koeln Ford SF"]
[WhiteTeamCountry "GER"]
[BlackTeamCountry "GER"]

1. d4 f5 2. g3 g6 3. Bg2 Bg7 4. Nf3 Nf6 5. 0-0 c6 6. b3 0-0 7. Bb2 a5 8. Nc3 Na6 9. Re1 Nb4 10. e4 fxe4 11. Nxe4 Nxe4 12. Rxe4 d5 13. Re3 Bf5 14. Rc3 Qc8 15. a3 Na6 16. Ne5 Nc7 17. a4 Na6 18. Bxd5+ cxd5 19. Rxc8 Raxc8 20. c3 Rc7 21. Rc1 Bh6 22. f4 Rfc8 23. h4 Be4 24. Qf1 e6 25. Re1 Bf5 26. Qb5 Bf8 27. Re2 Bd6 28. Qxa5 1-0

[Event "Mittelrhein Verbandsliga-M 1112"]
[Site "Germany"]
[Date "2012.02.26"]
[Round "7.6"]
[White "Mueller, Horst1111"]
[Black "Ax, Paul"]
[Result "0-1"]
[WhiteElo "1571"]
[BlackElo "1831"]
[PlyCount "54"]
[EventDate "2011.09.18"]
[EventType "team-tourn"]
[EventRounds "11"]
[EventCountry "GER"]
[SourceTitle "EXT 2013"]
[Source "ChessBase"]
[SourceDate "2012.11.22"]
[SourceVersion "1"]
[SourceVersionDate "2012.11.22"]
[SourceQuality "1"]
[WhiteTeam "Hitdorf SV Springer"]
[BlackTeam "Koeln Ford SF II"]
[WhiteTeamCountry "GER"]
[BlackTeamCountry "GER"]

1. c4 f5 2. Nc3 Nf6 3. d4 g6 4. g3 Bg7 5. Bg2 0-0 6. Nf3 c6 7. 0-0 a5 8. Bf4 h6 9. Qc1 Kh7 10. h4 d6 11. Re1 Nh5 12. Bd2 e5 13. dxe5 dxe5 14. e4 f4 15. gxf4 Nxf4 16. Re3 Nxg2 17. Kxg2 Qf6 18. Qh1 Bg4 19. Ng5+ Kg8 20. f3 hxg5 21. fxg4 Qf2+ 22. Kh3 Qxh4+ 23. Kg2 Rf2+ 24. Kg1 Qxh1+ 25. Kxh1 Rxd2 26. Rf1 Nd7 27. Ref3 Rf8 0-1

[Event "GER-ch43 V04 email"]
[Site "GER email"]
[Date "2011.??.??"]
[Round "?"]
[White "Ax, Paul"]
[Black "Fuhrwerk, Klaus"]
[Result "1/2-1/2"]
[WhiteElo "2121"]
[BlackElo "2060"]
[PlyCount "54"]
[EventDate "2011.04.18"]
[EventType "tourn (corr)"]
[EventRounds "8"]
[EventCountry "GER"]
[SourceTitle "Corr 2015"]
[Source "ChessBase"]
[SourceDate "2015.07.17"]
[SourceVersion "1"]
[SourceVersionDate "2015.07.17"]
[SourceQuality "1"]

1. d4 Nf6 2. c4 e6 3. Nc3 Bb4 4. Qc2 0-0 5. e4 d6 6. a3 Bxc3+ 7. bxc3 e5 8. Bd3 Nc6 9. Ne2 b6 10. 0-0 Ba6 11. f4 h6 12. Rf3 Na5 13. Qa2 Re8 14. Ng3 exd4 15. cxd4 d5 16. exd5 c6 17. d6 Re1+ 18. Nf1 Rd1 19. Qc2 Rxd3 20. Qxd3 Bxc4 21. Qc3 Qxd6 22. Ne3 Bd5 23. Qb4 Qd7 24. Nxd5 cxd5 25. f5 Nc4 26. Bf4 Re8 27. Re1 Re4 1/2-1/2

[Event "GER ML-371 email"]
[Site "GER email"]
[Date "2011.??.??"]
[Round "?"]
[White "Ax, Paul"]
[Black "Krumm, Guenther"]
[Result "1/2-1/2"]
[WhiteElo "2121"]
[BlackElo "2033"]
[PlyCount "95"]
[EventDate "2010.??.??"]
[EventType "team-tourn (corr)"]
[EventRounds "6"]
[EventCountry "GER"]
[SourceTitle "Corr 2015"]
[Source "ChessBase"]
[SourceDate "2015.07.17"]
[SourceVersion "1"]
[SourceVersionDate "2015.07.17"]
[SourceQuality "1"]
[WhiteTeam "Germany"]
[BlackTeam "Germany"]
[WhiteTeamCountry "GER"]
[BlackTeamCountry "GER"]

1. d4 Nf6 2. c4 e6 3. Nc3 Bb4 4. Qc2 0-0 5. e4 d5 6. e5 Ne4 7. a3 Bxc3+ 8. bxc3 c5 9. Ne2 cxd4 10. Nxd4 Nd7 11. Bf4 Nec5 12. f3 Nb6 13. cxd5 Nxd5 14. Qd2 Bd7 15. Bg3 Qa5 16. c4 Qxd2+ 17. Kxd2 Ne7 18. Be2 Ba4 19. Kc3 b6 20. Ra2 Rfd8 21. Rd2 Rac8 22. Re1 h6 23. Bf2 Ng6 24. Bf1 Rd7 25. g3 b5 26. Rb2 a6 27. Rb4 Ne7 28. f4 Nb7 29. Kb2 a5 30. Rxb5 Bxb5 31. cxb5 Nf5 32. Nxf5 Rd2+ 33. Kb1 exf5 34. Be3 Rdc2 35. Bg1 Rd2 36. Be3 Rdc2 37. a4 Nd8 38. Bd3 Rg2 39. Rg1 Rxg1+ 40. Bxg1 g6 41. Kb2 Kf8 42. b6 Ke7 43. Ba6 Ra8 44. Bc5+ Kd7 45. Bb5+ Kc8 46. Bc4 Rb8 47. Ba6+ Nb7 48. Bf8 1/2-1/2

[Event "GER-ch43 V04 email"]
[Site "GER email"]
[Date "2011.??.??"]
[Round "?"]
[White "Ax, Paul"]
[Black "Reinecke, Rudolf"]
[Result "1/2-1/2"]
[WhiteElo "2087"]
[BlackElo "2127"]
[PlyCount "47"]
[EventDate "2011.04.18"]
[EventType "tourn (corr)"]
[EventRounds "8"]
[EventCountry "GER"]
[SourceTitle "Corr 2015"]
[Source "ChessBase"]
[SourceDate "2015.07.17"]
[SourceVersion "1"]
[SourceVersionDate "2015.07.17"]
[SourceQuality "1"]

1. c4 e5 2. Nc3 Nf6 3. Nf3 Nc6 4. g3 d5 5. cxd5 Nxd5 6. Bg2 Nb6 7. 0-0 Be7 8. d3 0-0 9. Be3 Be6 10. d4 exd4 11. Nxd4 Nxd4 12. Bxd4 c6 13. Qd3 Qc7 14. Qc2 Rad8 15. Rfd1 Nc4 16. b3 Na3 17. Qb2 f6 18. Rd3 Bb4 19. Rad1 Qa5 20. Ne4 Nb5 21. Bxf6 Rxd3 22. Rxd3 gxf6 23. Nxf6+ Kh8 24. Ne4+ 1/2-1/2

[Event "GER ML-372 email"]
[Site "GER email"]
[Date "2011.??.??"]
[Round "?"]
[White "Krumm, Guenther"]
[Black "Ax, Paul"]
[Result "1/2-1/2"]
[WhiteElo "2033"]
[BlackElo "2121"]
[PlyCount "115"]
[EventDate "2010.??.??"]
[EventType "team-tourn (corr)"]
[EventRounds "6"]
[EventCountry "GER"]
[SourceTitle "Corr 2015"]
[Source "ChessBase"]
[SourceDate "2015.07.17"]
[SourceVersion "1"]
[SourceVersionDate "2015.07.17"]
[SourceQuality "1"]
[WhiteTeam "Germany"]
[BlackTeam "Germany"]
[WhiteTeamCountry "GER"]
[BlackTeamCountry "GER"]

1. d4 d5 2. c4 e6 3. Nc3 Nf6 4. Nf3 Be7 5. Bg5 0-0 6. e3 Nbd7 7. Rc1 c6 8. Bd3 dxc4 9. Bxc4 h6 10. Bh4 b5 11. Bd3 Bb7 12. 0-0 b4 13. Bxf6 Bxf6 14. Ne4 Be7 15. Bb1 Rc8 16. Ne5 Nxe5 17. dxe5 c5 18. Qg4 Qc7 19. Nf6+ Kh8 20. Qh5 c4 21. Ng4 Qc6 22. f3 Qe8 23. Qh3 Kg8 24. Nf6+ Bxf6 25. exf6 Qb5 26. fxg7 Kxg7 27. Qg4+ Qg5 28. Qd4+ Qf6 29. Qxa7 Ba8 30. Qa5 Qxb2 31. Rc2 Qf6 32. Rfc1 c3 33. Qxb4 Rfd8 34. Kf2 Rd3 35. Re2 Rd7 36. Qg4+ Kh8 37. Be4 Rc4 38. Qf4 Qxf4 39. exf4 Bxe4 40. Rxe4 Rd2+ 41. Re2 Ra4 42. Rxc3 Rxe2+ 43. Kxe2 Rxa2+ 44. Kf1 Kg7 45. Rc5 Kg6 46. Re5 Ra4 47. Re4 Ra2 48. h4 Kf5 49. g3 Rb2 50. Re5+ Kf6 51. Re2 Rb4 52. Kg2 Kg6 53. Re5 Rb2+ 54. Kh3 Rb3 55. h5+ Kg7 56. Kg4 Kf6 57. Rc5 Rb4 58. Rc7 1/2-1/2

[Event "GER-ch41 V05 email"]
[Site "GER email"]
[Date "2010.??.??"]
[Round "?"]
[White "Ax, Paul"]
[Black "Lelgemann, Ludwig"]
[Result "1-0"]
[WhiteElo "2121"]
[BlackElo "2107"]
[PlyCount "91"]
[EventDate "2010.??.??"]
[EventType "tourn (corr)"]
[EventRounds "12"]
[EventCountry "GER"]
[SourceTitle "Corr 2015"]
[Source "ChessBase"]
[SourceDate "2015.07.17"]
[SourceVersion "1"]
[SourceVersionDate "2015.07.17"]
[SourceQuality "1"]

1. Nf3 Nf6 2. d4 d5 3. c4 e6 4. Nc3 Be7 5. Bf4 0-0 6. e3 Nc6 7. Rc1 Nh5 8. Bg3 a6 9. Be2 Nxg3 10. hxg3 h6 11. g4 Na5 12. g5 Bxg5 13. Nxg5 Qxg5 14. cxd5 exd5 15. Rh5 Qxg2 16. Nxd5 Nc6 17. Bf3 Qg6 18. Kd2 Qd6 19. Qh1 Ne7 20. Nxc7 Rb8 21. Rg1 Ng6 22. Nd5 Bd7 23. Be4 Rfe8 24. Qg2 Bc6 25. Bxg6 fxg6 26. Qxg6 Qxg6 27. Rxg6 Rf8 28. Rg2 Rbe8 29. f4 Kf7 30. Rf2 Kg6 31. Rfh2 Rf5 32. Rxf5 Kxf5 33. Nc3 Bf3 34. Rh4 g5 35. Rxh6 gxf4 36. exf4 Kxf4 37. Rf6+ Kg4 38. Kd3 Rd8 39. Rf7 Bc6 40. Kc4 b5+ 41. Kc5 Rc8 42. Rg7+ Kf5 43. d5 Be8+ 44. Kd6 b4 45. Ne2 Kf6 46. Rc7 1-0

[Event "GER ML-367 email"]
[Site "GER email"]
[Date "2010.??.??"]
[Round "?"]
[White "Ax, Paul"]
[Black "Mayer, Johann"]
[Result "1/2-1/2"]
[WhiteElo "2023"]
[BlackElo "2139"]
[PlyCount "51"]
[EventDate "2010.??.??"]
[EventType "tourn (corr)"]
[EventRounds "6"]
[EventCountry "GER"]
[SourceTitle "Corr 2015"]
[Source "ChessBase"]
[SourceDate "2015.07.17"]
[SourceVersion "1"]
[SourceVersionDate "2015.07.17"]
[SourceQuality "1"]
[WhiteTeam "Germany"]
[BlackTeam "Germany"]
[WhiteTeamCountry "GER"]
[BlackTeamCountry "GER"]

1. Nf3 Nf6 2. c4 g6 3. Nc3 Bg7 4. e4 d6 5. d4 0-0 6. Be2 e5 7. 0-0 Nc6 8. d5 Ne7 9. b4 Nh5 10. Qc2 a5 11. b5 f5 12. Re1 fxe4 13. Nxe4 b6 14. Rb1 Nf4 15. Bd1 Bd7 16. Rb3 Nf5 17. Ra3 Rc8 18. Bd2 h6 19. h3 Rf7 20. g3 Nxh3+ 21. Kg2 g5 22. g4 Nf4+ 23. Bxf4 exf4 24. gxf5 g4 25. Nh2 f3+ 26. Nxf3 1/2-1/2

[Event "GER-ch41 V05 email"]
[Site "GER email"]
[Date "2010.??.??"]
[Round "?"]
[White "Ax, Paul"]
[Black "Seelig, Juergen"]
[Result "1/2-1/2"]
[WhiteElo "2121"]
[BlackElo "2065"]
[PlyCount "63"]
[EventDate "2010.??.??"]
[EventType "tourn (corr)"]
[EventRounds "12"]
[EventCountry "GER"]
[SourceTitle "Corr 2015"]
[Source "ChessBase"]
[SourceDate "2015.07.17"]
[SourceVersion "1"]
[SourceVersionDate "2015.07.17"]
[SourceQuality "1"]

1. d4 d5 2. c4 dxc4 3. Nf3 Nf6 4. e3 e6 5. Bxc4 c5 6. 0-0 a6 7. Qe2 b5 8. Bd3 Bb7 9. a4 b4 10. dxc5 Bxc5 11. e4 Nbd7 12. Nbd2 Bd6 13. Nc4 Bc7 14. Rd1 0-0 15. Bg5 h6 16. Bh4 Qb8 17. Rac1 Bf4 18. Bg3 Nc5 19. Bxf4 Qxf4 20. g3 Qb8 21. e5 Nfd7 22. Bb1 Bxf3 23. Qxf3 Nxe5 24. Qe3 Nxc4 25. Rxc4 Rd8 26. Rd2 Rxd2 27. Qxd2 Qd8 28. Qc2 Rc8 29. Rxb4 Nd7 30. Qh7+ Kf8 31. Kg2 Rc1 32. Bd3 1/2-1/2

[Event "GER-ch41 V05 email"]
[Site "GER email"]
[Date "2010.??.??"]
[Round "?"]
[White "Drobka, Manfred"]
[Black "Ax, Paul"]
[Result "1-0"]
[WhiteElo "2177"]
[BlackElo "2121"]
[PlyCount "117"]
[EventDate "2010.??.??"]
[EventType "tourn (corr)"]
[EventRounds "12"]
[EventCountry "GER"]
[SourceTitle "Corr 2015"]
[Source "ChessBase"]
[SourceDate "2015.07.17"]
[SourceVersion "1"]
[SourceVersionDate "2015.07.17"]
[SourceQuality "1"]

1. d4 Nf6 2. c4 g6 3. Nc3 Bg7 4. e4 d6 5. Nf3 0-0 6. h3 c5 7. d5 b5 8. cxb5 a6 9. a4 axb5 10. Bxb5 Na6 11. 0-0 Nb4 12. Qe2 Nd7 13. Bf4 Ba6 14. Bxa6 Rxa6 15. Bd2 Ra8 16. Rab1 Ne5 17. Nxe5 Bxe5 18. b3 Nc2 19. Nb5 Nd4 20. Nxd4 Bxd4 21. a5 Rxa5 22. Bxa5 Qxa5 23. Rfd1 Be5 24. Rd2 Rb8 25. Ra2 Qb4 26. Qc2 Qb5 27. Ra4 h5 28. Qc4 Qxc4 29. Rxc4 Kg7 30. Kf1 Kf6 31. Ke2 Bd4 32. b4 Ke5 33. f3 e6 34. dxe6 fxe6 35. Kd3 Ra8 36. b5 d5 37. exd5 Kxd5 38. Rc2 c4+ 39. Ke2 Rb8 40. Rb4 Bc5 41. Rbxc4 Rxb5 42. Rf4 g5 43. Rf7 Bb4 44. g3 Kd6 45. Rh7 h4 46. gxh4 gxh4 47. Rxh4 Ba5 48. f4 Rb4 49. Ra2 Bb6 50. Kf3 Ke7 51. Re2 Rb3+ 52. Kg4 Bd4 53. Rh7+ Kd6 54. Rh6 Be3 55. h4 Kd5 56. Rh5+ Kc4 57. Re5 Bd4 58. Rxe6 Rb7 59. h5 1-0

[Event "GER-ch43 V04 email"]
[Site "GER email"]
[Date "2010.??.??"]
[Round "?"]
[White "Isigkeit, Hans Juergen"]
[Black "Ax, Paul"]
[Result "1/2-1/2"]
[WhiteElo "2376"]
[BlackElo "2121"]
[PlyCount "72"]
[EventDate "2011.04.18"]
[EventType "tourn (corr)"]
[EventRounds "8"]
[EventCountry "GER"]
[SourceTitle "Corr 2015"]
[Source "ChessBase"]
[SourceDate "2015.07.17"]
[SourceVersion "1"]
[SourceVersionDate "2015.07.17"]
[SourceQuality "1"]

1. d4 d5 2. c4 e6 3. Nf3 Nf6 4. Nc3 Be7 5. Bf4 0-0 6. e3 c6 7. Qc2 Nbd7 8. h3 a6 9. Rd1 b5 10. c5 b4 11. Nb1 a5 12. a3 Bb7 13. Nbd2 Qc8 14. Ra1 h6 15. Bd3 Ba6 16. Bxa6 Rxa6 17. 0-0 Qb7 18. Qa4 Rfa8 19. Rfc1 R8a7 20. Ne1 Ne4 21. Qc2 Nxd2 22. Qxd2 bxa3 23. bxa3 Qa8 24. Rab1 Rb7 25. Rxb7 Qxb7 26. Qc2 Qc8 27. Qb1 Ra7 28. Qd3 Bf6 29. Nf3 Bd8 30. Bd6 Nf6 31. Ne5 Nd7 32. Rb1 Nxe5 33. Bxe5 Rb7 34. g3 Be7 35. Kg2 Qa8 36. h4 Qa7 1/2-1/2

[Event "GER-ch41 V05 email"]
[Site "GER email"]
[Date "2010.??.??"]
[Round "?"]
[White "Regelmann, Juergen"]
[Black "Ax, Paul"]
[Result "0-1"]
[WhiteElo "1972"]
[BlackElo "2121"]
[PlyCount "81"]
[EventDate "2010.??.??"]
[EventType "tourn (corr)"]
[EventRounds "12"]
[EventCountry "GER"]
[SourceTitle "Corr 2015"]
[Source "ChessBase"]
[SourceDate "2015.07.17"]
[SourceVersion "1"]
[SourceVersionDate "2015.07.17"]
[SourceQuality "1"]

1. d4 g6 2. e4 Bg7 3. Nc3 d6 4. Be3 Nf6 5. Qd2 c6 6. f3 b5 7. g4 h6 8. h4 h5 9. g5 Nfd7 10. f4 b4 11. Nce2 c5 12. Bg2 Bb7 13. 0-0-0 Qa5 14. Kb1 Nb6 15. b3 Na6 16. Nh3 Rc8 17. Nf2 0-0 18. f5 Nc7 19. c3 bxc3 20. Nxc3 cxd4 21. Bxd4 Bxd4 22. Qxd4 gxf5 23. Qd2 Nb5 24. Nd5 Nc3+ 25. Nxc3 Qxc3 26. Qxc3 Rxc3 27. Rh2 Rg3 28. Re1 f4 29. Nh1 Rd3 30. Kc2 Rd4 31. Rh3 Nd7 32. Nf2 Ne5 33. Rc3 Ng4 34. Nd1 Rc8 35. Rxc8+ Bxc8 36. Bf3 Bb7 37. Bh1 Kf8 38. a3 e5 39. b4 Bc6 40. Kc3 Kg7 41. Bg2 0-1

[Event "GER ML-326 email"]
[Site "GER email"]
[Date "2009.??.??"]
[Round "?"]
[White "Ax, Paul"]
[Black "Bruening, Ralf"]
[Result "1/2-1/2"]
[WhiteElo "2023"]
[BlackElo "1976"]
[PlyCount "61"]
[EventDate "2009.??.??"]
[EventType "tourn (corr)"]
[EventRounds "6"]
[EventCountry "GER"]
[SourceTitle "Corr 2011"]
[Source "ChessBase"]
[SourceDate "2010.08.31"]
[SourceVersion "1"]
[SourceVersionDate "2010.08.31"]
[SourceQuality "1"]

1. Nf3 Nf6 2. c4 g6 3. Nc3 Bg7 4. e4 d6 5. d4 0-0 6. Be2 e5 7. d5 a5 8. 0-0 Nbd7 9. Ne1 Nc5 10. f3 Nh5 11. g3 c6 12. Nd3 Bh3 13. Rf2 Nxd3 14. Qxd3 c5 15. Be3 Bd7 16. Qc2 a4 17. Rd1 Qb6 18. Bd3 Nf6 19. Qd2 Rfb8 20. Kg2 Ne8 21. Rb1 Nf6 22. Rff1 Ra6 23. Nb5 Ne8 24. Be2 Qd8 25. Rh1 Nc7 26. Nxc7 Qxc7 27. h4 Bf6 28. h5 b5 29. cxb5 Bxb5 30. Bxb5 Rxb5 31. g4 1/2-1/2

[Event "GER ML-368 email"]
[Site "GER email"]
[Date "2009.??.??"]
[Round "?"]
[White "Ax, Paul"]
[Black "Mayer, Johann"]
[Result "1/2-1/2"]
[WhiteElo "2023"]
[BlackElo "1949"]
[PlyCount "50"]
[EventDate "2009.??.??"]
[EventType "tourn (corr)"]
[EventRounds "6"]
[EventCountry "GER"]
[SourceTitle "Corr 2020"]
[Source "ChessBase"]
[SourceDate "2019.09.30"]
[SourceVersion "1"]
[SourceVersionDate "2019.09.30"]
[SourceQuality "1"]

1. d4 Nf6 2. c4 e6 3. Nc3 d5 4. Bg5 Be7 5. e3 0-0 6. Nf3 h6 7. Bh4 b6 8. Bd3 Bb7 9. 0-0 Nbd7 10. cxd5 Nxd5 11. Nxd5 Bxd5 12. Bg3 c5 13. Qe2 cxd4 14. Nxd4 Nc5 15. Bc2 Bd6 16. e4 Bxg3 17. exd5 Bxh2+ 18. Kxh2 Qh4+ 19. Kg1 Qxd4 20. Rad1 Qh4 21. g3 Qe7 22. b4 Nd7 23. dxe6 fxe6 24. Rfe1 Rfc8 25. Bb3 Nf8 1/2-1/2

[Event "GER ML-367 email"]
[Site "GER email"]
[Date "2009.??.??"]
[Round "?"]
[White "Bruening, Ralf"]
[Black "Ax, Paul"]
[Result "1/2-1/2"]
[WhiteElo "1976"]
[BlackElo "2064"]
[PlyCount "39"]
[EventDate "2009.??.??"]
[EventType "tourn (corr)"]
[EventRounds "6"]
[EventCountry "GER"]
[SourceTitle "Corr 2020"]
[Source "ChessBase"]
[SourceDate "2019.09.30"]
[SourceVersion "1"]
[SourceVersionDate "2019.09.30"]
[SourceQuality "1"]

1. e4 e6 2. Nc3 d5 3. d4 Bb4 4. e5 Ne7 5. a3 Bxc3+ 6. bxc3 c5 7. Qg4 0-0 8. Bd3 Qa5 9. Bd2 Nbc6 10. Nf3 f5 11. exf6 Rxf6 12. Qh5 Nf5 13. c4 Qa4 14. cxd5 Ncxd4 15. Ng5 h6 16. Ne4 Rf8 17. 0-0 b6 18. Nc3 Qe8 19. Qxe8 Rxe8 20. Rad1 1/2-1/2

[Event "GER ML-331 email"]
[Site "GER email"]
[Date "2008.04.07"]
[Round "?"]
[White "Ax, Paul"]
[Black "Goy, Udo"]
[Result "1/2-1/2"]
[WhiteElo "1999"]
[BlackElo "2017"]
[PlyCount "61"]
[EventDate "2008.??.??"]
[EventType "tourn (corr)"]
[EventRounds "6"]
[EventCountry "GER"]
[SourceTitle "Corr 2011"]
[Source "ChessBase"]
[SourceDate "2010.08.31"]
[SourceVersion "1"]
[SourceVersionDate "2010.08.31"]
[SourceQuality "1"]

1. d4 Nf6 2. Nf3 e6 3. c4 b6 4. g3 Ba6 5. b3 b5 6. cxb5 Bxb5 7. Bg2 a5 8. 0-0 d5 9. Nc3 Ba6 10. Ne5 Be7 11. Bb2 0-0 12. Rc1 Bb7 13. Na4 Nbd7 14. Nc6 Bxc6 15. Rxc6 Qb8 16. Qd3 Qb7 17. Rfc1 Bd6 18. R6c2 Rfc8 19. e3 c6 20. Nc3 Be7 21. Ba1 h6 22. Bb2 Nb6 23. a3 Rab8 24. Nb1 Nbd7 25. Nd2 c5 26. Qe2 cxd4 27. exd4 Rxc2 28. Rxc2 Rc8 29. Rxc8+ Qxc8 30. Qd3 Qf8 31. a4 1/2-1/2

[Event "GER ML-331 email"]
[Site "GER email"]
[Date "2008.04.07"]
[Round "?"]
[White "Ax, Paul"]
[Black "Meister, Gerhard"]
[Result "1-0"]
[WhiteElo "1999"]
[BlackElo "1931"]
[PlyCount "79"]
[EventDate "2008.??.??"]
[EventType "tourn (corr)"]
[EventRounds "6"]
[EventCountry "GER"]
[SourceTitle "Corr 2011"]
[Source "ChessBase"]
[SourceDate "2010.08.31"]
[SourceVersion "1"]
[SourceVersionDate "2010.08.31"]
[SourceQuality "1"]

1. d4 Nf6 2. c4 e6 3. Nc3 Bb4 4. e3 0-0 5. Bd3 d5 6. Nf3 c5 7. 0-0 dxc4 8. Bxc4 Qe7 9. a3 Ba5 10. Qc2 Bd7 11. Ne4 cxd4 12. exd4 Nxe4 13. Qxe4 Nc6 14. b4 Bc7 15. Bg5 Qd6 16. g3 Rac8 17. Rac1 h6 18. Rfd1 Rfe8 19. Bf4 Qe7 20. Bxc7 Rxc7 21. b5 Na5 22. Bd3 f5 23. Qe5 Rcc8 24. Rxc8 Bxc8 25. Rc1 b6 26. Bxf5 exf5 27. Qxe7 Rxe7 28. Rxc8+ Kf7 29. Ne5+ Ke6 30. Kg2 Nb3 31. Ng6 Rb7 32. Rd8 Kf7 33. Rd6 Rc7 34. d5 Nc5 35. Ne5+ Ke8 36. Rc6 Kd8 37. d6 Rc8 38. Kf3 Ne6 39. Ke3 h5 40. Kd3 1-0

[Event "GER ML-330 email"]
[Site "GER email"]
[Date "2008.03.27"]
[Round "?"]
[White "Milde, Lars"]
[Black "Ax, Paul"]
[Result "1/2-1/2"]
[WhiteElo "1980"]
[BlackElo "1999"]
[PlyCount "70"]
[EventDate "2008.??.??"]
[EventType "tourn (corr)"]
[EventRounds "6"]
[EventCountry "GER"]
[SourceTitle "Corr 2011"]
[Source "ChessBase"]
[SourceDate "2010.08.31"]
[SourceVersion "1"]
[SourceVersionDate "2010.08.31"]
[SourceQuality "1"]

1. e4 e6 2. d4 d5 3. Nc3 Bb4 4. e5 Ne7 5. a3 Bxc3+ 6. bxc3 c5 7. Qg4 Qc7 8. Qxg7 Rg8 9. Qxh7 cxd4 10. Ne2 Nbc6 11. f4 Bd7 12. Qd3 dxc3 13. Qxc3 0-0-0 14. Ng3 Kb8 15. Rb1 d4 16. Qc5 Bc8 17. Bd2 b6 18. Bd3 Bb7 19. Qc4 Nd5 20. 0-0 Qe7 21. Qa4 Qh4 22. Rf3 Nce7 23. Rbf1 Ne3 24. Bxe3 Bc6 25. Qc4 Bxf3 26. Rxf3 dxe3 27. Qe4 Rg4 28. Nf1 Nf5 29. Ba6 Rd7 30. g3 Rg8 31. Nxe3 Nd4 32. Rf2 Qe7 33. Bf1 Qxa3 34. Bg2 Rc8 35. h4 Nc6 1/2-1/2

[Event "GER-ch39 V03 email"]
[Site "GER email"]
[Date "2007.04.15"]
[Round "?"]
[White "Ax, Paul"]
[Black "Kuhn, Wilfried"]
[Result "1-0"]
[WhiteElo "2023"]
[BlackElo "2095"]
[PlyCount "59"]
[EventDate "2007.??.??"]
[EventType "tourn (corr)"]
[EventRounds "10"]
[EventCountry "GER"]
[SourceTitle "Corr 2011"]
[Source "ChessBase"]
[SourceDate "2010.08.31"]
[SourceVersion "1"]
[SourceVersionDate "2010.08.31"]
[SourceQuality "1"]

1. d4 Nf6 2. c4 e6 3. Nc3 Bb4 4. Qc2 0-0 5. e4 d5 6. e5 Ne4 7. a3 Bxc3+ 8. bxc3 c5 9. Bd3 Qa5 10. Bxe4 dxe4 11. Bd2 Qa6 12. Ne2 Qxc4 13. Qxe4 Bd7 14. 0-0 Bc6 15. Qg4 Kh8 16. Nf4 Nd7 17. Rfe1 Rfd8 18. Re3 Nf8 19. Rg3 Ng6 20. h4 Rg8 21. Nh3 f5 22. Qh5 Be8 23. Ng5 h6 24. Nf7+ Bxf7 25. Bxh6 Rgc8 26. Bc1+ Kg8 27. Qg5 cxd4 28. h5 dxc3 29. hxg6 Rc7 30. Rb1 1-0